000 00684nam a2200289Ia 4500
005 20260324132835.0
008 008 260324s9999 xx 000 0 eng d
020 _a9780203957622
037 _aEBOOK
040 _aCRL
040 _beng
040 _cCRL
041 _2eng
041 _aeng
084 _qCRL
100 _aLawrence Hatab
_91190817
245 0 _aNietzsche's Life Sentence
245 0 _bComing to Terms with Eternal Recurrence
260 _bTaylor and Francis
260 _c2004
365 _a
365 _b255
856 _uhttp://www.taylorfrancis.com/books/9780203957622
942 _cEBOOK
999 _c1789276
_d1789276